Formule 1 - Rookies de 2025 - Statistiques

Statistiques générales
  • Ce quiz a été pris 310 fois
  • Le résultat moyen est 5 sur 5
Statistiques - réponses
Hint Réponse % Correct
Racing Bulls Isack Hadjar
98%
Mercedes Andrea Kimi Antonelli
97%
Haas Oliver "Ollie" Bearman
96%
Kick Sauber (Audi) Gabriel Bortoleto
93%
Alpine Jack Doohan
93%
Aucun quiz correspondant
Distribution des résultats
% des personnes avec chaque résultat
Percentile par nombre de réponses
Votre historique - résultats
Vous n’avez pas pris ce quiz